1127 1288 1102 1583 1666 1039 1511 1265 1356 1408 1392 1492 1046 1808 1034 1917 1862 1765 1252 1124 1087 1839 1345 1724 1620 1231 1350 1862 1830 1250 1114 1027 1373 1941 1139 1544 1227 1826 1485 1273 1683 1116 1227 1429 1646 1923 1847 1737 1741 1846 1741 1106 1772 1541 1481 1361 1319 1196 1456 1604 1304 1863 1475 1371 1276 1096 1606 1986 1134 1634 1342 1780 1474 1207 1600 1031 1337 1054 1493 1029 1642 1787 1327 1626 1299 1076 1255 1301 1832 1659 1320 1334 1584 1470 1815 1847 1625 1705 1405 BCNSPRNW ULIB Ver.6.0+V

เปลี่ยนเป็นภาษาไทย

Change to English
 แสดงรายละเอียดบรรณานุกรม
  กลับหน้าหลัก

Brief Record : Get Marc (ISO 2709) : E-mail record : QR code < ปิดหน้าต่าง
LEADER : 00000nam 2200000uu 4500
001    13399113464
003     ULIB
008    111121s2553||||th 000 0 tha d
020    ^a9786167017372
090    ^aนว.^bณ111ล 2553
100 0  ^aณ ห้วงรัก
245 00 ^aเล่ห์ร้ายสวาทรัก/^cณ ห้วงรัก
250    ^aพิมพ์ครั้งที่ 1
260    ^aกรุงเทพฯ :^bอักษรศาสตร์,^c2553
300    ^a406 หน้า
710 1  ^aอักษรศาสตร์
945    ^p279^l0^i17050
995    ^aกัณชพร
999    ^aใช้งานได้ทุกระบบ
รายการนี้ยังไม่มีแท็ก
คุณยังไม่ได้ล็อกอิน คุณสามารถมีกิจกรรมร่วมกับเว็บไซต์ได้ แต่ต้องล็อกอินก่อน ::
  ล็อกอิน

รายการสื่อสารสนเทศ

ลำดับที่ ประเภท เลขเรียก/บาร์โค้ด สถานที่ สถานะ
1. นวนิยาย
นวนิยาย
นว. ณ111ล 2553  
  Barcode: 17050
ห้องสมุดวิทยาเขตสวรรค์ประชารักษ์
►นวนิยาย
บนชั้น
  ขอยืม

BibComment


ยังไม่เคยถูกคอมเมนท์

คอมเมนท์ทรัพยากรรายการนี้
  คอมเมนท์: เล่ห์ร้ายสวาทรัก..


 Copyright 2026. Bcnsprnw @Library